000
00222nam a2200097Ia 4500
008
220204s9999 xx 000 0 und d
082
_a
354
_b
ALL
245
0
_a
All India Civil list 1957-1963
260
_a
Bombay
942
_c
BK
999
_c
19810
_d
19810